[Event "Girls U14 Polish Youth Championship"]
[Site "chess24.com"]
[Date "2018.05.04"]
[Round "8"]
[White "Goraj, Barbara"]
[Black "Dylag, Emilia"]
[Result "0-1"]
[Board "1"]
[WhiteElo "1784"]
[WhiteCountry "POL"]
[WhiteFideId "21816166"]
[WhiteEloChange "-8"]
[BlackElo "1871"]
[BlackCountry "POL"]
[BlackFideId "21805172"]
[BlackEloChange "8"]

1. e4 {[%clk 1:30:57]} c6 {[%clk 1:30:51]} 2. d4 {[%clk 1:31:13]} d5 {[%clk
1:31:16]} 3. e5 {[%clk 1:31:05]} c5 {[%clk 1:31:29]} 4. c3 {[%clk 1:25:19]} Nc6
{[%clk 1:29:52]} 5. Nf3 {[%clk 1:24:20]} Bg4 {[%clk 1:26:51]} 6. Be2 {[%clk
1:19:17]} e6 {[%clk 1:24:11]} 7. Be3 {[%clk 1:12:55]} Qb6 {[%clk 1:22:13]} 8. Qd2
{[%clk 1:04:27]} Bxf3 {[%clk 1:18:40]} 9. Bxf3 {[%clk 1:03:00]} cxd4 {[%clk
1:18:08]} 10. cxd4 {[%clk 1:01:20]} Na5 {[%clk 1:13:40]} 11. Be2 {[%clk 0:58:20]}
Bb4 {[%clk 1:06:00]} 12. Nc3 {[%clk 0:58:38]} Ne7 {[%clk 1:01:49]} 13. O-O {[%clk
0:54:40]} O-O {[%clk 0:58:17]} 14. Bd3 {[%clk 0:49:23]} Rac8 {[%clk 0:51:52]} 15.
Rac1 {[%clk 0:46:43]} Nc4 {[%clk 0:49:14]} 16. Qc2 {[%clk 0:36:43]} h6 {[%clk
0:49:17]} 17. Qe2 {[%clk 0:29:13]} Nxb2 {[%clk 0:24:23]} 18. Nxd5 {[%clk
0:28:59]} Nxd5 {[%clk 0:23:56]} 19. Qxb2 {[%clk 0:28:58]} Rxc1 {[%clk 0:22:07]}
20. Rxc1 {[%clk 0:27:49]} Qa5 {[%clk 0:19:33]} 21. Qe2 {[%clk 0:21:17]} Qa3
{[%clk 0:17:58]} 22. Rc2 {[%clk 0:17:46]} Ba5 {[%clk 0:13:25]} 23. Bc1 {[%clk
0:15:03]} Qe7 {[%clk 0:12:53]} 24. Bc4 {[%clk 0:12:15]} Nb6 {[%clk 0:07:54]} 25.
Bb3 {[%clk 0:10:33]} Bb4 {[%clk 0:05:09]} 26. Qg4 {[%clk 0:09:20]} Kh8 {[%clk
0:04:55]} 27. Qe4 {[%clk 0:09:10]} Rd8 {[%clk 0:04:01]} 28. Re2 {[%clk 0:06:22]}
Nd5 {[%clk 0:03:01]} 29. Bc2 {[%clk 0:05:07]} g6 {[%clk 0:02:36]} 30. Qg4 {[%clk
0:02:11]} Kg7 {[%clk 0:02:22]} 31. Qh3 {[%clk 0:02:17]} h5 {[%clk 0:02:14]} 32.
Qg3 {[%clk 0:02:13]} Rc8 {[%clk 0:01:29]} 33. Bg5 {[%clk 0:01:21]} Qe8 {[%clk
0:01:25]} 34. Bb3 {[%clk 0:01:15]} Rc3 {[%clk 0:01:30]} 35. Qh4 {[%clk 0:01:23]}
Be7 {[%clk 0:01:47]} 36. Bxd5 {[%clk 0:01:09]} Rc1+ {[%clk 0:02:08]} 37. Bxc1
{[%clk 0:01:35]} Bxh4 {[%clk 0:02:35]} 38. Bxb7 {[%clk 0:01:09]} Qd7 {[%clk
0:02:51]} 39. Ba6 {[%clk 0:00:53]} Qxd4 {[%clk 0:03:14]} 40. Rd2 {[%clk 0:01:18]}
Qa1 {[%clk 0:03:07]} 41. Rd1 {[%clk 0:01:30]} Bg5 {[%clk 0:03:27]} 42. Bxg5
{[%clk 0:01:21]} Qxd1+ {[%clk 0:03:51]} 43. Bf1 {[%clk 0:01:46]} Qa1 {[%clk
0:04:00]} 44. Bf6+ {[%clk 0:02:05]} Kf8 {[%clk 0:04:25]} 45. g3 {[%clk 0:02:02]}
Qxa2 {[%clk 0:04:50]} 46. Kg2 {[%clk 0:02:11]} Qd5+ {[%clk 0:05:11]} 47. f3
{[%clk 0:02:31]} Qd2+ {[%clk 0:05:10]} 48. Kh3 {[%clk 0:02:55]} a5 {[%clk
0:05:33]} 49. Bc4 {[%clk 0:02:59]} Qc3 {[%clk 0:05:45]} 0-1

[Event "Girls U14 Polish Youth Championship"]
[Site "chess24.com"]
[Date "2018.05.04"]
[Round "8"]
[White "Czarnecka, Lidia"]
[Black "Zarebska, Lena"]
[Result "1/2-1/2"]
[Board "2"]
[WhiteElo "1809"]
[WhiteCountry "POL"]
[WhiteFideId "21807531"]
[WhiteEloChange "-2"]
[BlackElo "1754"]
[BlackCountry "POL"]
[BlackFideId "21807698"]
[BlackEloChange "2"]

1. e4 {[%clk 1:30:49]} c5 {[%clk 1:30:58]} 2. Nf3 {[%clk 1:30:45]} e6 {[%clk
1:31:24]} 3. d4 {[%clk 1:30:39]} cxd4 {[%clk 1:31:51]} 4. Nxd4 {[%clk 1:30:58]}
Bc5 {[%clk 1:32:19]} 5. Be3 {[%clk 1:29:41]} Qb6 {[%clk 1:32:26]} 6. Nc3 {[%clk
1:27:37]} Nc6 {[%clk 1:32:35]} 7. Ncb5 {[%clk 1:15:56]} Nxd4 {[%clk 1:31:38]} 8.
Bxd4 {[%clk 1:14:40]} Bxd4 {[%clk 1:31:55]} 9. Qxd4 {[%clk 1:13:00]} Qxd4 {[%clk
1:32:15]} 10. Nxd4 {[%clk 1:13:23]} a6 {[%clk 1:29:28]} 11. O-O-O {[%clk
1:11:53]} Nf6 {[%clk 1:22:48]} 12. f3 {[%clk 1:10:33]} d6 {[%clk 1:21:58]} 13.
Kb1 {[%clk 1:06:01]} Bd7 {[%clk 1:16:40]} 14. Bc4 {[%clk 1:05:32]} Ke7 {[%clk
1:15:44]} 15. Rd2 {[%clk 1:05:16]} b5 {[%clk 1:15:04]} 16. Bb3 {[%clk 1:05:40]}
Rhc8 {[%clk 1:11:54]} 17. g4 {[%clk 1:05:12]} a5 {[%clk 1:06:59]} 18. c3 {[%clk
1:04:27]} a4 {[%clk 1:04:57]} 19. Bd1 {[%clk 0:59:01]} a3 {[%clk 1:05:13]} 20.
Nc2 {[%clk 0:59:09]} axb2 {[%clk 1:02:39]} 21. Kxb2 {[%clk 0:59:29]} Rc5 {[%clk
0:54:56]} 22. Nb4 {[%clk 0:58:42]} Rac8 {[%clk 0:51:53]} 23. Rd3 {[%clk 0:58:28]}
Be8 {[%clk 0:33:33]} 24. Re1 {[%clk 0:50:37]} h5 {[%clk 0:31:13]} 25. h3 {[%clk
0:50:01]} hxg4 {[%clk 0:31:39]} 26. hxg4 {[%clk 0:50:22]} Nd7 {[%clk 0:31:48]}
27. Bb3 {[%clk 0:47:41]} Nb6 {[%clk 0:31:11]} 28. f4 {[%clk 0:45:40]} Na4+ {[%clk
0:30:38]} 29. Bxa4 {[%clk 0:45:46]} bxa4 {[%clk 0:31:06]} 30. a3 {[%clk 0:45:10]}
Bb5 {[%clk 0:31:26]} 31. Rh3 {[%clk 0:42:29]} Rc4 {[%clk 0:30:47]} 32. Kc2 {[%clk
0:24:10]} Bc6 {[%clk 0:29:15]} 33. Rhe3 {[%clk 0:23:39]} Rh8 {[%clk 0:26:25]} 34.
Nxc6+ {[%clk 0:19:38]} Rxc6 {[%clk 0:26:51]} 35. Rb1 {[%clk 0:19:28]} Rh2+ {[%clk
0:26:04]} 36. Kd3 {[%clk 0:19:53]} Ra2 {[%clk 0:25:18]} 37. Rb7+ {[%clk 0:20:18]}
Kf6 {[%clk 0:22:57]} 38. g5+ {[%clk 0:18:22]} Kg6 {[%clk 0:23:18]} 39. f5+ {[%clk
0:17:37]} exf5 {[%clk 0:22:11]} 40. exf5+ {[%clk 0:17:58]} Kxg5 {[%clk 0:17:13]}
41. Rxf7 {[%clk 0:17:55]} Rxa3 {[%clk 0:15:16]} 42. Kd4 {[%clk 0:17:07]} Rc5
{[%clk 0:14:18]} 43. Rxg7+ {[%clk 0:14:02]} Kxf5 {[%clk 0:12:59]} 44. Reg3 {[%clk
0:13:03]} Ra1 {[%clk 0:10:51]} 1/2-1/2

[Event "Girls U14 Polish Youth Championship"]
[Site "chess24.com"]
[Date "2018.05.04"]
[Round "8"]
[White "Adamczyk, Zuzanna"]
[Black "Marcinczyk, Monika"]
[Result "1/2-1/2"]
[Board "3"]
[WhiteElo "1741"]
[WhiteCountry "POL"]
[WhiteFideId "1187570"]
[WhiteEloChange "2"]
[BlackElo "1804"]
[BlackTitle "WCM"]
[BlackCountry "POL"]
[BlackFideId "1192051"]
[BlackEloChange "-2"]

1. e4 {[%clk 1:30:52]} c5 {[%clk 1:30:51]} 2. Nf3 {[%clk 1:30:54]} Nc6 {[%clk
1:31:07]} 3. d4 {[%clk 1:30:50]} cxd4 {[%clk 1:31:26]} 4. Nxd4 {[%clk 1:31:03]}
g6 {[%clk 1:31:31]} 5. c4 {[%clk 1:30:07]} Bg7 {[%clk 1:31:30]} 6. Be3 {[%clk
1:28:49]} Nf6 {[%clk 1:30:44]} 7. Nc3 {[%clk 1:28:58]} O-O {[%clk 1:30:53]} 8. f3
{[%clk 1:28:52]} d6 {[%clk 1:30:03]} 9. Qd2 {[%clk 1:28:41]} a5 {[%clk 1:27:35]}
10. b3 {[%clk 1:27:48]} Nxd4 {[%clk 1:26:21]} 11. Bxd4 {[%clk 1:27:58]} Bd7
{[%clk 1:26:11]} 12. Be2 {[%clk 1:25:53]} Bc6 {[%clk 1:25:39]} 13. O-O {[%clk
1:24:50]} Nd7 {[%clk 1:24:21]} 14. Be3 {[%clk 1:22:42]} Nc5 {[%clk 1:23:42]} 15.
Rab1 {[%clk 1:21:09]} e6 {[%clk 1:18:57]} 16. Rfd1 {[%clk 1:02:06]} Be5 {[%clk
1:16:35]} 17. Bd4 {[%clk 0:37:55]} Qh4 {[%clk 1:10:09]} 18. Bxe5 {[%clk 0:36:21]}
dxe5 {[%clk 1:10:13]} 19. Qe3 {[%clk 0:36:22]} Qe7 {[%clk 1:09:35]} 20. a3 {[%clk
0:34:40]} Na6 {[%clk 0:56:45]} 21. Nb5 {[%clk 0:30:20]} Bxb5 {[%clk 0:52:24]} 22.
cxb5 {[%clk 0:30:45]} Qc5 {[%clk 0:52:08]} 23. Qxc5 {[%clk 0:19:03]} Nxc5 {[%clk
0:52:32]} 24. b6 {[%clk 0:16:26]} Rfc8 {[%clk 0:29:01]} 25. Bb5 {[%clk 0:15:44]}
Kf8 {[%clk 0:24:02]} 26. Kf2 {[%clk 0:06:53]} Rd8 {[%clk 0:23:42]} 27. Rdc1
{[%clk 0:06:35]} Rac8 {[%clk 0:20:08]} 28. Ke3 {[%clk 0:03:15]} Ke7 {[%clk
0:17:10]} 29. b4 {[%clk 0:02:08]} axb4 {[%clk 0:16:50]} 30. axb4 {[%clk 0:02:02]}
Nd7 {[%clk 0:15:55]} 31. Bxd7 {[%clk 0:00:52]} Kxd7 {[%clk 0:15:38]} 32. b5
{[%clk 0:01:11]} Rxc1 {[%clk 0:13:07]} 33. Rxc1 {[%clk 0:01:38]} Rc8 {[%clk
0:13:18]} 34. Rxc8 {[%clk 0:00:59]} Kxc8 {[%clk 0:13:47]} 35. g4 {[%clk 0:01:27]}
Kd7 {[%clk 0:11:18]} 36. Kd3 {[%clk 0:01:40]} h5 {[%clk 0:06:45]} 37. h3 {[%clk
0:01:21]} Kd6 {[%clk 0:06:54]} 1/2-1/2

[Event "Girls U14 Polish Youth Championship"]
[Site "chess24.com"]
[Date "2018.05.04"]
[Round "8"]
[White "Kroliczek, Gabriela"]
[Black "Wikar, Martyna"]
[Result "1-0"]
[Board "4"]
[WhiteElo "1729"]
[WhiteCountry "POL"]
[WhiteFideId "21816727"]
[WhiteEloChange "17"]
[BlackElo "2029"]
[BlackCountry "POL"]
[BlackFideId "21807663"]
[BlackEloChange "-17"]

1. e4 {[%clk 1:30:57]} c5 {[%clk 1:30:52]} 2. Nc3 {[%clk 1:31:24]} a6 {[%clk
1:31:04]} 3. d4 {[%clk 1:31:50]} cxd4 {[%clk 1:30:40]} 4. Qxd4 {[%clk 1:32:16]}
Nc6 {[%clk 1:30:04]} 5. Qd2 {[%clk 1:32:41]} d6 {[%clk 1:28:33]} 6. b3 {[%clk
1:33:02]} Nf6 {[%clk 1:28:06]} 7. Bb2 {[%clk 1:33:21]} b5 {[%clk 1:27:12]} 8. f3
{[%clk 1:33:33]} e5 {[%clk 1:24:05]} 9. O-O-O {[%clk 1:32:55]} Be7 {[%clk
1:23:35]} 10. Kb1 {[%clk 1:32:01]} Be6 {[%clk 1:19:38]} 11. g4 {[%clk 1:30:20]}
Rc8 {[%clk 1:17:47]} 12. Nge2 {[%clk 1:27:00]} Qa5 {[%clk 1:13:29]} 13. h3 {[%clk
1:20:34]} b4 {[%clk 1:05:46]} 14. Nd5 {[%clk 1:14:59]} Bxd5 {[%clk 1:04:45]} 15.
exd5 {[%clk 1:15:13]} Na7 {[%clk 1:03:54]} 16. a3 {[%clk 1:10:30]} Rb8 {[%clk
0:54:25]} 17. axb4 {[%clk 1:05:32]} Qxb4 {[%clk 0:54:29]} 18. Qxb4 {[%clk
1:01:54]} Rxb4 {[%clk 0:54:50]} 19. Ng3 {[%clk 0:52:37]} Rb6 {[%clk 0:47:10]} 20.
Nf5 {[%clk 0:51:48]} g6 {[%clk 0:44:37]} 21. Ne3 {[%clk 0:48:28]} Kd7 {[%clk
0:39:24]} 22. f4 {[%clk 0:42:25]} Ne4 {[%clk 0:24:34]} 23. fxe5 {[%clk 0:34:37]}
Rc8 {[%clk 0:15:31]} 24. Nc4 {[%clk 0:24:08]} Rbb8 {[%clk 0:09:54]} 25. Re1
{[%clk 0:20:51]} Ng3 {[%clk 0:06:58]} 26. Rg1 {[%clk 0:20:47]} Bh4 {[%clk
0:05:19]} 27. Re3 {[%clk 0:17:28]} Nxf1 {[%clk 0:02:24]} 28. Rxf1 {[%clk
0:17:46]} Rf8 {[%clk 0:02:20]} 29. Nxd6 {[%clk 0:13:55]} f6 {[%clk 0:01:45]} 30.
Ref3 {[%clk 0:07:16]} Ke7 {[%clk 0:00:44]} 31. Ba3 {[%clk 0:06:57]} Kd7 {[%clk
0:00:46]} 32. e6+ {[%clk 0:06:41]} Kd8 {[%clk 0:00:55]} 33. Nf7+ {[%clk 0:06:16]}
Ke8 {[%clk 0:01:06]} 34. Bxf8 {[%clk 0:06:14]} Kxf8 {[%clk 0:01:30]} 35. c4
{[%clk 0:05:14]} Ke7 {[%clk 0:01:45]} 36. Re3 {[%clk 0:04:02]} a5 {[%clk
0:00:55]} 37. Kc2 {[%clk 0:03:18]} h5 {[%clk 0:01:12]} 38. g5 {[%clk 0:03:16]} f5
{[%clk 0:01:28]} 39. Rf4 {[%clk 0:03:26]} Bxg5 {[%clk 0:01:48]} 40. Nxg5 {[%clk
0:03:50]} Kf6 {[%clk 0:02:14]} 41. h4 {[%clk 0:04:01]} a4 {[%clk 0:02:32]} 42.
bxa4 {[%clk 0:03:37]} Nc8 {[%clk 0:02:58]} 43. e7 {[%clk 0:03:44]} Nxe7 {[%clk
0:03:22]} 44. Re6+ {[%clk 0:04:12]} 1-0

[Event "Girls U14 Polish Youth Championship"]
[Site "chess24.com"]
[Date "2018.05.04"]
[Round "8"]
[White "Trzaskowska, Hanna"]
[Black "Mytnik, Kinga"]
[Result "1/2-1/2"]
[Board "5"]
[WhiteElo "1589"]
[WhiteCountry "POL"]
[WhiteFideId "21820716"]
[WhiteEloChange "-6"]
[BlackElo "1334"]
[BlackCountry "POL"]
[BlackFideId "21819572"]
[BlackEloChange "6"]

1. e4 {[%clk 1:30:53]} d6 {[%clk 1:30:51]} 2. d4 {[%clk 1:30:35]} Nf6 {[%clk
1:31:01]} 3. Nc3 {[%clk 1:30:36]} e5 {[%clk 1:31:17]} 4. dxe5 {[%clk 1:24:36]}
dxe5 {[%clk 1:31:40]} 5. Qxd8+ {[%clk 1:23:52]} Kxd8 {[%clk 1:32:01]} 6. Bg5
{[%clk 1:21:30]} c6 {[%clk 1:29:43]} 7. O-O-O+ {[%clk 1:14:52]} Kc7 {[%clk
1:29:18]} 8. Bc4 {[%clk 0:53:53]} Be6 {[%clk 1:28:32]} 9. Bxe6 {[%clk 0:53:03]}
fxe6 {[%clk 1:28:53]} 10. f4 {[%clk 0:51:06]} Bd6 {[%clk 1:26:50]} 11. Nf3 {[%clk
0:50:00]} Ng4 {[%clk 1:24:28]} 12. fxe5 {[%clk 0:45:42]} Nxe5 {[%clk 1:17:23]}
13. Rxd6 {[%clk 0:44:07]} Nxf3 {[%clk 1:16:09]} 14. Be7 {[%clk 0:32:28]} Re8
{[%clk 1:14:30]} 15. gxf3 {[%clk 0:27:19]} Rxe7 {[%clk 1:14:54]} 16. Rhd1 {[%clk
0:18:54]} Nd7 {[%clk 1:14:52]} 17. f4 {[%clk 0:17:09]} Rf8 {[%clk 1:14:24]} 18.
Ne2 {[%clk 0:15:27]} Nf6 {[%clk 1:11:55]} 19. R6d4 {[%clk 0:08:17]} e5 {[%clk
1:07:31]} 20. fxe5 {[%clk 0:07:42]} Rxe5 {[%clk 1:07:53]} 21. Ng3 {[%clk
0:07:33]} g6 {[%clk 1:06:47]} 22. Rf1 {[%clk 0:05:16]} h5 {[%clk 1:01:42]} 23. h4
{[%clk 0:04:59]} Nh7 {[%clk 1:01:33]} 24. Rdd1 {[%clk 0:03:30]} Ree8 {[%clk
0:58:29]} 25. Rde1 {[%clk 0:02:15]} Rxf1 {[%clk 0:57:24]} 26. Rxf1 {[%clk
0:02:26]} Rf8 {[%clk 0:57:41]} 27. Rxf8 {[%clk 0:01:19]} Nxf8 {[%clk 0:58:07]}
28. Kd2 {[%clk 0:01:24]} Kd6 {[%clk 0:58:31]} 29. Ke3 {[%clk 0:01:13]} Ke5 {[%clk
0:58:53]} 30. Nf1 {[%clk 0:01:10]} Nd7 {[%clk 0:58:50]} 31. Nd2 {[%clk 0:01:24]}
Kf6 {[%clk 0:58:08]} 32. Nc4 {[%clk 0:01:03]} 1/2-1/2

[Event "Girls U14 Polish Youth Championship"]
[Site "chess24.com"]
[Date "2018.05.04"]
[Round "8"]
[White "Hertlein, Irena"]
[Black "Kudlak, Julia"]
[Result "1-0"]
[Board "6"]
[WhiteElo "1582"]
[WhiteCountry "POL"]
[WhiteFideId "21817618"]
[WhiteEloChange "2"]
[BlackElo "1209"]
[BlackCountry "POL"]
[BlackFideId "21859990"]
[BlackEloChange "-2"]

1. e4 {[%clk 1:30:55]} e5 {[%clk 1:30:46]} 2. Nf3 {[%clk 1:31:15]} Nc6 {[%clk
1:31:01]} 3. Bb5 {[%clk 1:31:25]} a6 {[%clk 1:30:45]} 4. Ba4 {[%clk 1:31:39]} Nf6
{[%clk 1:30:49]} 5. d4 {[%clk 1:31:13]} exd4 {[%clk 1:16:17]} 6. O-O {[%clk
1:30:57]} b5 {[%clk 1:13:22]} 7. Bb3 {[%clk 1:30:18]} d6 {[%clk 1:13:12]} 8. Bd5
{[%clk 1:19:45]} Nxd5 {[%clk 1:10:45]} 9. exd5 {[%clk 1:19:40]} Ne5 {[%clk
1:09:49]} 10. Nxd4 {[%clk 1:18:43]} Be7 {[%clk 1:05:20]} 11. f4 {[%clk 1:02:28]}
Bg4 {[%clk 1:00:24]} 12. Qe1 {[%clk 1:00:28]} c5 {[%clk 0:57:21]} 13. fxe5 {[%clk
0:42:05]} cxd4 {[%clk 0:56:49]} 14. Qf2 {[%clk 0:40:33]} O-O {[%clk 0:57:03]} 15.
exd6 {[%clk 0:32:21]} Qxd6 {[%clk 0:55:48]} 16. Qxd4 {[%clk 0:19:50]} Be6 {[%clk
0:51:40]} 17. Nc3 {[%clk 0:19:14]} Bf6 {[%clk 0:50:23]} 18. Rxf6 {[%clk 0:15:45]}
gxf6 {[%clk 0:49:46]} 19. Qxf6 {[%clk 0:13:07]} Qb6+ {[%clk 0:48:29]} 20. Kh1
{[%clk 0:13:22]} Qd8 {[%clk 0:48:20]} 21. Qxd8 {[%clk 0:13:40]} Raxd8 {[%clk
0:48:33]} 22. dxe6 {[%clk 0:13:46]} fxe6 {[%clk 0:45:16]} 23. Bg5 {[%clk
0:12:22]} Rc8 {[%clk 0:45:33]} 24. a3 {[%clk 0:10:17]} Rf2 {[%clk 0:45:34]} 25.
Rc1 {[%clk 0:10:00]} a5 {[%clk 0:45:23]} 26. Kg1 {[%clk 0:08:17]} Rf5 {[%clk
0:44:55]} 27. h4 {[%clk 0:06:52]} b4 {[%clk 0:42:47]} 28. axb4 {[%clk 0:07:08]}
axb4 {[%clk 0:43:07]} 29. Ne4 {[%clk 0:07:06]} Re5 {[%clk 0:39:16]} 30. Re1
{[%clk 0:04:40]} Ra5 {[%clk 0:36:54]} 31. c3 {[%clk 0:01:50]} b3 {[%clk 0:36:24]}
32. Be7 {[%clk 0:01:51]} Ra2 {[%clk 0:36:18]} 33. Ba3 {[%clk 0:02:12]} Rc4 {[%clk
0:35:44]} 34. Nd2 {[%clk 0:00:55]} Rxh4 {[%clk 0:35:41]} 35. Nxb3 {[%clk
0:01:17]} Kf7 {[%clk 0:35:37]} 36. Rb1 {[%clk 0:00:44]} Re4 {[%clk 0:34:28]} 37.
Kf1 {[%clk 0:00:37]} Rh4 {[%clk 0:34:35]} 38. Kg1 {[%clk 0:01:03]} Re4 {[%clk
0:34:56]} 39. Kf1 {[%clk 0:01:29]} Rh4 {[%clk 0:35:14]} 40. Kf2 {[%clk 0:01:05]}
Kg6 {[%clk 0:34:43]} 41. Kg1 {[%clk 0:00:38]} Re4 {[%clk 0:35:06]} 42. Kf2 {[%clk
0:00:51]} Rh4 {[%clk 0:35:27]} 43. Kg3 {[%clk 0:00:55]} Re4 {[%clk 0:35:31]} 44.
Kf3 {[%clk 0:01:00]} Rh4 {[%clk 0:33:39]} 45. Re1 {[%clk 0:00:37]} Kf5 {[%clk
0:32:53]} 46. Nd4+ {[%clk 0:00:41]} Kf6 {[%clk 0:31:23]} 47. Rxe6+ {[%clk
0:01:05]} Kf7 {[%clk 0:31:31]} 48. Re1 {[%clk 0:01:20]} Rh5 {[%clk 0:30:38]} 49.
Nc6 {[%clk 0:00:47]} Rf5+ {[%clk 0:30:09]} 50. Kg4 {[%clk 0:00:39]} Kg6 {[%clk
0:28:59]} 51. Ne7+ {[%clk 0:01:01]} 1-0

[Event "Girls U14 Polish Youth Championship"]
[Site "chess24.com"]
[Date "2018.05.04"]
[Round "8"]
[White "Zniszczol, Wiktoria"]
[Black "Krzyzosiak, Marta"]
[Result "1/2-1/2"]
[Board "7"]
[WhiteElo "1555"]
[WhiteCountry "POL"]
[WhiteFideId "1194895"]
[BlackElo "1567"]
[BlackCountry "POL"]
[BlackFideId "21820449"]

1. e4 {[%clk 1:30:57]} e5 {[%clk 1:30:52]} 2. Nf3 {[%clk 1:31:21]} Nc6 {[%clk
1:31:12]} 3. d3 {[%clk 1:31:35]} Bc5 {[%clk 1:31:02]} 4. Nbd2 {[%clk 1:31:25]}
Nf6 {[%clk 1:30:43]} 5. Be2 {[%clk 1:31:44]} O-O {[%clk 1:30:06]} 6. O-O {[%clk
1:31:52]} d6 {[%clk 1:29:36]} 7. a3 {[%clk 1:32:01]} a5 {[%clk 1:29:21]} 8. b3
{[%clk 1:31:45]} Nd4 {[%clk 1:24:43]} 9. Bb2 {[%clk 1:29:59]} Nxe2+ {[%clk
1:23:32]} 10. Qxe2 {[%clk 1:30:18]} Bg4 {[%clk 1:22:58]} 11. h3 {[%clk 1:24:59]}
Bh5 {[%clk 1:21:48]} 12. Qe1 {[%clk 1:20:50]} Bxf3 {[%clk 1:12:03]} 13. Nxf3
{[%clk 1:21:07]} Nh5 {[%clk 1:10:51]} 14. Qd2 {[%clk 1:02:46]} f5 {[%clk
1:01:09]} 15. exf5 {[%clk 0:44:05]} Rxf5 {[%clk 1:01:06]} 16. d4 {[%clk 0:41:22]}
exd4 {[%clk 0:56:39]} 17. Bxd4 {[%clk 0:36:09]} Bxd4 {[%clk 0:52:10]} 18. Qxd4
{[%clk 0:36:08]} Nf4 {[%clk 0:50:18]} 19. Qe4 {[%clk 0:35:39]} Qf8 {[%clk
0:49:00]} 20. Kh2 {[%clk 0:22:40]} d5 {[%clk 0:45:43]} 21. Qe3 {[%clk 0:22:17]}
Re8 {[%clk 0:44:58]} 22. Qc3 {[%clk 0:22:28]} Nxh3 {[%clk 0:40:06]} 23. Qxc7
{[%clk 0:18:14]} Rh5 {[%clk 0:33:26]} 24. gxh3 {[%clk 0:17:50]} Qxf3 {[%clk
0:33:48]} 25. Qg3 {[%clk 0:18:03]} Qxg3+ {[%clk 0:33:35]} 26. Kxg3 {[%clk
0:18:22]} Rc8 {[%clk 0:33:47]} 27. Rac1 {[%clk 0:17:28]} Rc3+ {[%clk 0:32:10]}
28. f3 {[%clk 0:17:02]} d4 {[%clk 0:32:30]} 29. Rfd1 {[%clk 0:15:42]} Rd5 {[%clk
0:32:27]} 30. Kf4 {[%clk 0:14:46]} Rd8 {[%clk 0:31:44]} 31. Rd3 {[%clk 0:14:24]}
1/2-1/2

[Event "Girls U14 Polish Youth Championship"]
[Site "chess24.com"]
[Date "2018.05.04"]
[Round "8"]
[White "Jedrzejko, Martyna"]
[Black "Wojtas, Julia"]
[Result "1-0"]
[Board "8"]
[WhiteElo "1482"]
[WhiteCountry "POL"]
[WhiteFideId "21820422"]
[WhiteEloChange "9"]
[BlackElo "1436"]
[BlackCountry "POL"]
[BlackFideId "21825394"]
[BlackEloChange "-9"]

1. e4 {[%clk 1:30:57]} c5 {[%clk 1:30:52]} 2. Nf3 {[%clk 1:31:19]} Nc6 {[%clk
1:31:14]} 3. d4 {[%clk 1:31:38]} cxd4 {[%clk 1:31:37]} 4. Nxd4 {[%clk 1:32:03]}
e5 {[%clk 1:31:54]} 5. Nb5 {[%clk 1:31:44]} d6 {[%clk 1:31:53]} 6. N1c3 {[%clk
1:31:31]} a6 {[%clk 1:32:09]} 7. Na3 {[%clk 1:31:49]} b5 {[%clk 1:32:15]} 8. Nd5
{[%clk 1:32:10]} Nge7 {[%clk 1:31:09]} 9. Bg5 {[%clk 1:29:25]} h6 {[%clk
1:22:55]} 10. Bxe7 {[%clk 1:29:13]} Bxe7 {[%clk 1:22:15]} 11. c3 {[%clk 1:17:59]}
O-O {[%clk 1:20:44]} 12. g3 {[%clk 1:14:55]} Be6 {[%clk 1:12:36]} 13. Nc2 {[%clk
1:13:57]} Rb8 {[%clk 1:10:50]} 14. Nce3 {[%clk 1:11:17]} Bg5 {[%clk 1:00:35]} 15.
Bg2 {[%clk 1:09:12]} Bxe3 {[%clk 0:58:32]} 16. Nxe3 {[%clk 1:09:31]} Ne7 {[%clk
0:58:11]} 17. O-O {[%clk 1:08:05]} Qb6 {[%clk 0:55:09]} 18. Nd5 {[%clk 1:06:24]}
Bxd5 {[%clk 0:53:26]} 19. exd5 {[%clk 1:06:37]} f5 {[%clk 0:51:06]} 20. Rc1
{[%clk 1:05:47]} Rf6 {[%clk 0:41:53]} 21. Qd2 {[%clk 0:59:25]} Rbf8 {[%clk
0:36:51]} 22. c4 {[%clk 0:54:16]} bxc4 {[%clk 0:33:19]} 23. Rxc4 {[%clk 0:54:30]}
Ng6 {[%clk 0:32:40]} 24. Rc6 {[%clk 0:52:52]} Qd8 {[%clk 0:30:54]} 25. Rxa6
{[%clk 0:49:56]} f4 {[%clk 0:30:18]} 26. Bh3 {[%clk 0:47:10]} f3 {[%clk 0:21:06]}
27. Qb4 {[%clk 0:41:18]} h5 {[%clk 0:12:01]} 28. Be6+ {[%clk 0:34:07]} Rxe6
{[%clk 0:11:07]} 29. dxe6 {[%clk 0:34:27]} Qf6 {[%clk 0:06:47]} 30. Qxd6 {[%clk
0:18:02]} Qf5 {[%clk 0:05:02]} 31. e7 {[%clk 0:15:28]} Nxe7 {[%clk 0:02:16]} 32.
Qxe7 {[%clk 0:13:08]} e4 {[%clk 0:01:24]} 33. Qe6+ {[%clk 0:13:00]} Qxe6 {[%clk
0:01:21]} 34. Rxe6 {[%clk 0:13:24]} 1-0